Toward a regulative virtue epistemology for the theory and practice of education /

Bibliographic Details
Main Author: Ortwein, Mark Jason
Other Authors: Slattery, Patrick (Thesis advisor)
Format: Thesis eBook
Language:English
Published: [College Station, Tex.] : [Texas A&M University], [2012]
Subjects:
Online Access:Link to OAK Trust copy

MARC

Tag First Indicator Second Indicator Subfields
LEADER 00000cam a2200000Ka 4500
001 in00002785823
005 20150922151328.0
006 m fo d
007 cr unu||||||||
008 121127s2012 txu obm 000 0 eng d
035 |a (OCoLC)ocn819444392 
035 |a (OCoLC)819444392 
035 |a (TxCM)http://hdl.handle.net/1969.1/ETD-TAMU-2011-08-10014 
040 |a TXA  |c TXA  |d UtOrBLW 
049 |a TXAM 
099 |a 2011  |a Dissertation  |a 1969.1/ETD-TAMU-2011-08-10014 
100 1 |a Ortwein, Mark Jason. 
245 1 0 |a Toward a regulative virtue epistemology for the theory and practice of education /  |c by Mark Jason Ortwein. 
264 1 |a [College Station, Tex.] :  |b [Texas A&M University],  |c [2012] 
300 |a 1 online resource. 
336 |a text  |b txt  |2 rdacontent 
337 |a computer  |b c  |2 rdamedia 
338 |a online resource  |b cr  |2 rdacarrier 
500 |a "Major Subject: Curriculum and Instruction" 
588 |a Description from author supplied metadata (automated record created 2012-10-22 13:24:58). 
502 |b Doctor of Philosophy  |c Texas A&M University  |d 2011  |o http://hdl.handle.net/1969.1/ETD-TAMU-2011-08-10014 
504 |a Includes bibliographical references. 
516 |a Text (Dissertation) 
520 3 |a This dissertation develops and explores how a particular variety of virtue epistemology (VE) applies to the theory and practice of education. To this end, several key issues are addressed: knowledge and epistemology, knowledge in education, virtue and culture, and the application of a particular variety of VE to education. Furthermore, this dissertation employs a philosophical methodology based in theoretical work from two disciplines--philosophy and education. In Chapter I, I explicate the purpose of this dissertation and provide a rationale for pursuing this project. I also clarify some key terminology, discuss some delimiting factors, and offer chapter previews. In Chapter II, I discuss how Edmond Gettier challenged the standard definition of knowledge as justified true belief. This resulted in the development of virtue-based epistemologies. Having distinguished between several forms of VE, I conclude this chapter by advancing regulative virtue epistemology (RVE). In Chapter III, I provide a conceptual and historical overview of the concept of knowledge in the specific context of educational theory. This discussion provides important context for the application of RVE to educational matters. In Chapter IV, I consider how the concept of virtue is understood in several diverse cultural contexts. Here I ameliorate a potential worry--that virtue is a distinctly Western concept. Finally, in Chapter V, I apply RVE to the theory and practice of education. It is shown that RVE has important implications for the epistemic aims of education--that is, the ultimate knowledge-related purposes of education. Specifically, I find that understanding offers a more holistic account of educational theorizing, and places greater responsibility on teachers and students in their educational activities. I also conclude that RVE widens the aims of education to include other epistemic goods. I then demonstrate that communication--an important feature of education--is also regulated by intellectual virtue. Finally, I present two proposals for teaching from an RVE perspective, and find that each has particular strengths and weaknesses. I conclude with some areas for future research. 
500 |a Electronic resource. 
650 4 |a Major Curriculum and Instruction. 
653 |a virtue epistemology 
653 |a intellectual virtue 
653 |a virtue 
653 |a knowledge 
700 1 |a Slattery, Patrick,  |e thesis advisor. 
856 4 0 |u http://hdl.handle.net/1969.1/ETD-TAMU-2011-08-10014  |z Link to OAK Trust copy  |t 0 
994 |a C0  |b TXA 
948 |a cataloged  |b h  |c 2012/11/27  |d o  |e blrosas  |f 3:00:34 pm 
999 |a MARS 
999 f f |s 7e9211b1-cfcf-3716-9ad2-5290b707c14d  |i 46d8804c-1ad9-335d-a6a9-17d6c1cc6b23  |t 0 
952 f f |a Texas A&M University  |b College Station  |c Electronic Resources  |d Available Online  |t 0  |e 2011 Dissertation 1969.1/ETD-TAMU-2011-08-10014  |h Other scheme 
998 f f |a 2011 Dissertation 1969.1/ETD-TAMU-2011-08-10014  |t 0  |l Available Online